El Problema de vivienda en Costa Rica

Na minha lista:
Detalhes bibliográficos
Autor principal: Valverde Rojas, José Manuel
Formato: Texto
Publicado em: San José: Centro de Capacitacion para el Desarrollo
Assuntos:
Tags: Adicionar Tag
Sem tags, seja o primeiro a adicionar uma tag!

MARC

LEADER 00000 a a2200000 04500
001 14396
003
040
090 |a 018400  
100 |a Valverde Rojas, José Manuel  
245 |a El Problema de vivienda en Costa Rica  
260 |a San José:   |b Centro de Capacitacion para el Desarrollo  
300 |a 16 p.  
650 |a VIVIENDA  
999 |c 8990  |d 8990